Statistics for Survivor: Vanuatu Contestants (Final Placements)

Click here to take the quiz!

General Stats

  • This quiz has been taken 160 times
    (135 since last reset)
  • The average score is 15 of 18

Answer Stats

HintAnswer% Correct
WinnerChris Daugherty
95%
4thEliza Orlins
95%
Runner-UpTwila Tanner
93%
3rdScout Cloud Lee
91%
6thAmi Cusack
89%
5thJulie Berry
89%
10thRory Freeman
86%
9thLea "Sarge" Masters
84%
17thDolly Neely
81%
8thJames "Chad" Crittenden
79%
18thBrook Geraghty
77%
7thLeann Slaby
77%
13thTravis "Bubba" Sampson
75%
16thJohn Palyok
72%
15thMia Galeotalanza
70%
11thJohn Kenney
68%
12thLisa Keiffer
65%
14thBrady Finta
63%

Score Distribution

Percentile by Number Answered

Percent of People with Each Score

Your Score History

You have not taken this quiz since the last reset